| 000 | 00514nam a2200157 a 4500 | ||
|---|---|---|---|
| 005 | 20140412111348.0 | ||
| 008 | 060302s19uu xx 00 eng d | ||
| 050 |
_aTR(GS 030 _bL41 1994 |
||
| 100 | _aLaw, Felicia | ||
| 245 |
_aLearn about time. / _cstory by Felicia Law ; illustrations by Steve Smallman, Shirley Tourret. |
||
| 260 |
_aIllinois : _bWorld Book International, _c1992. |
||
| 300 | _a1 v. (unp.) ; ill. | ||
| 440 | _aEarly World of Learning | ||
| 650 |
_aTime _xJuvenile literature |
||
| 999 |
_c105242 _d105242 |
||